Eastern Utah Libraries Catalog: Duchesne, Heber, Roosevelt, & Vernal

Mortal heart / (Record no. 191373)

MARC details
000 -LEADER
fixed length control field 02041cam a22005171i 4500
001 - CONTROL NUMBER
control field BK0014305945
003 - CONTROL NUMBER IDENTIFIER
control field DLC
005 - DATE AND TIME OF LATEST TRANSACTION
control field 20241220161347.0
008 - FIXED-LENGTH DATA ELEMENTS--GENERAL INFORMATION
fixed length control field 140129s2014 mau d 000 1 eng
010 ## - LIBRARY OF CONGRESS CONTROL NUMBER
LC control number 2014001877
020 ## - INTERNATIONAL STANDARD BOOK NUMBER
International Standard Book Number 9780547628400 : HRD
Terms of availability $17.99
020 ## - INTERNATIONAL STANDARD BOOK NUMBER
International Standard Book Number 0547628404 : HRD
Terms of availability $17.99
037 ## - SOURCE OF ACQUISITION
Source of stock number/acquisition Houghton Mifflin Harcourt, 6277 Sea Harbor Dr 5th Fl, Orlando, FL, USA, 32887
Note SAN 215-3793
040 ## - CATALOGING SOURCE
Original cataloging agency DLC
Language of cataloging eng
Transcribing agency DLC
Description conventions rda
050 00 - LIBRARY OF CONGRESS CALL NUMBER
Classification number PZ7.L14142
Item number Mor 2014
082 00 - DEWEY DECIMAL CLASSIFICATION NUMBER
Classification number [Fic]
Edition number 23
084 ## - OTHER CLASSIFICATION NUMBER
Classification number JUV001000
084 ## - OTHER CLASSIFICATION NUMBER
Classification number JUV026000
084 ## - OTHER CLASSIFICATION NUMBER
Classification number JUV037000
084 ## - OTHER CLASSIFICATION NUMBER
Classification number JUV016040
084 ## - OTHER CLASSIFICATION NUMBER
Classification number JUV022000
Source of number bisacsh
092 ## - LOCALLY ASSIGNED DEWEY CALL NUMBER (OCLC)
Classification number FIC
100 1# - MAIN ENTRY--PERSONAL NAME
Personal name LaFevers, Robin.
9 (RLIN) 5952426
245 10 - TITLE STATEMENT
Title Mortal heart /
Statement of responsibility, etc by Robin LaFevers.
260 ## - PUBLICATION, DISTRIBUTION, ETC. (IMPRINT)
Name of publisher, distributor, etc Houghton Mifflin Harcourt
Date of publication, distribution, etc 2014
264 #1 - Production, Publication, Distribution, Manufacture, and Copyright Notice.
Place of production, publication, distribution, manufacture Boston ;
264 #1 - Production, Publication, Distribution, Manufacture, and Copyright Notice.
Place of production, publication, distribution, manufacture New York :
Name of producer, publisher, distributor, manufacturer Houghton Mifflin Harcourt,
Date of production, publication, distribution, manufacture, or copyr [2014]
300 ## - PHYSICAL DESCRIPTION
Extent 444 pages ;
Dimensions 22 cm.
336 ## - Content Type
Content type term text
337 ## - Media type
Media type term unmediated
338 ## - Carrier type
Carrier type term volume
490 0# - SERIES STATEMENT
Series statement His fair assassin ;
Volume number/sequential designation book 3
520 ## - SUMMARY, ETC.
Summary, etc Annith's worst fears are realized when she discovers that, despite her lifelong training to be an assassin, she is being groomed by the abbess as a Seeress, to be forever shut up in the convent of Saint Mortain.
650 #1 - SUBJECT ADDED ENTRY--TOPICAL TERM
Topical term or geographic name as entry element Convents
Form subdivision Fiction.
9 (RLIN) 6359401
650 #1 - SUBJECT ADDED ENTRY--TOPICAL TERM
Topical term or geographic name as entry element Nuns
Form subdivision Fiction.
9 (RLIN) 5803882
650 #1 - SUBJECT ADDED ENTRY--TOPICAL TERM
Topical term or geographic name as entry element Assassins
Form subdivision Fiction.
9 (RLIN) 5674246
650 #1 - SUBJECT ADDED ENTRY--TOPICAL TERM
Topical term or geographic name as entry element Death
Form subdivision Fiction.
9 (RLIN) 5679145
650 #1 - SUBJECT ADDED ENTRY--TOPICAL TERM
Topical term or geographic name as entry element Gods
Form subdivision Fiction.
9 (RLIN) 5700503
651 #1 - SUBJECT ADDED ENTRY--GEOGRAPHIC NAME
Geographic name Brittany (France)
General subdivision History
Chronological subdivision 1341-1532
Form subdivision Fiction.
9 (RLIN) 5767046
651 #1 - SUBJECT ADDED ENTRY--GEOGRAPHIC NAME
Geographic name France
General subdivision History
Chronological subdivision Charles VIII, 1483-1498
Form subdivision Fiction.
9 (RLIN) 5767047
650 #7 - SUBJECT ADDED ENTRY--TOPICAL TERM
Topical term or geographic name as entry element JUVENILE FICTION / Action & Adventure / General.
Source of heading or term bisacsh
9 (RLIN) 5675719
650 #7 - SUBJECT ADDED ENTRY--TOPICAL TERM
Topical term or geographic name as entry element JUVENILE FICTION / Love & Romance.
Source of heading or term bisacsh
9 (RLIN) 5679136
650 #7 - SUBJECT ADDED ENTRY--TOPICAL TERM
Topical term or geographic name as entry element JUVENILE FICTION / Fantasy & Magic.
Source of heading or term bisacsh
9 (RLIN) 5675426
650 #7 - SUBJECT ADDED ENTRY--TOPICAL TERM
Topical term or geographic name as entry element JUVENILE FICTION / Historical / Europe.
Source of heading or term bisacsh
9 (RLIN) 5715417
650 #7 - SUBJECT ADDED ENTRY--TOPICAL TERM
Topical term or geographic name as entry element JUVENILE FICTION / Legends, Myths, Fables / General.
Source of heading or term bisacsh
9 (RLIN) 5718194
Holdings
Withdrawn status Lost status Source of classification or shelving scheme Damaged status Not for loan Collection code Home library Current library Shelving location Date acquired Source of acquisition Cost, normal purchase price Total Checkouts Total Renewals Full call number Barcode Date last seen Date checked out Cost, replacement price Price effective from Koha item type
    Dewey Decimal Classification     Young Adult Fiction Wasatch County Library Wasatch County Library Main Floor Teen Area 01/16/2015   17.99 16 1 YA LaFevers 34301001199704 04/22/2024 02/21/2024 17.99 03/20/2020 BOOK
This project was made possible through a grant from the Institute of Museum and Library Service administered by the Utah State Library Division.

Wasatch County Library

  • 465 East 1200 South, Heber City, Utah 84032
  • Phone 435-654-1511 | Fax 435-654-6456

Hours

  • Monday - Friday 9:30 AM - 8:00 PM
  • Saturday 9:30 AM - 1:30 PM
  • Closed Sundays and Holidays